| 000 | 00000nam##2200000za#4500 |
| 001 | 9.535859 |
| 003 | CaOODSP |
| 005 | 20200401033632 |
| 007 | ta |
| 008 | 150406|2002||||xxc||||| f|0| 0 fre|d |
| 020 | |a0-660-61800-1 |
| 040 | |aCaOODSP|bfre |
| 041 | |aeng |
| 041 | |afre |
| 043 | |an-cn--- |
| 086 | 1 |aBT31-2/2003-III-93 |
| 110 | 1 |aCanada. |bConseil du trésor. |
| 245 | 10|aAgence spatiale canadienne |
| 260 | |aOttawa - Ontario : |bSecrétariat du Conseil du Trésor du Canada |c2002. |
| 300 | |aTexte français, 26p. : |btableaux ; |c28 cm. |
| 490 | 1 |aBudget des dépenses 2002-2003, partie III: rapport sur les plans et les priorités |
| 546 | |aBilingue |
| 563 | |aCouverture souple |
| 590 | |a02-14|b2002-04-05 |
| 691 | 07|aInstitution fédérale|2gcpds |
| 691 | 07|aProgramme fédéral|2gcpds |
| 691 | 07|aTechnologie de pointe|2gcpds |
| 691 | 07|aPrévisions budgétaires|2gcpds |
| 776 | 0#|tCanadian Space Agency, 2002-2003 estimates, part III, report on plans and priorities |w(CaOODSP)9.568146 |
| 776 | 0#|tAgence spatiale canadienne, budget des dépenses 2002-2003, partie III, rapport sur les plans et les priorités |w(CaOODSP)9.599440 |
| 791 | |tCanadian Space Agency |eeng|w(CaOODSP)9.535858 |
| 830 | #0|aBudget des dépenses 2002-2003, partie III: rapport sur les plans et les priorités.|w(CaOODSP)9.508969 |